|
|
|
|
| LEADER |
00000cam a2200000 7i4500 |
| 001 |
0000012655 |
| 005 |
20080104.0 |
| 008 |
071227 |
| 020 |
|
|
|a 9839017373
|
| 090 |
0 |
0 |
|a 297.64
|b MUH
|
| 100 |
1 |
|
|a Muhammad Zakariya, Sheikh
|
| 245 |
1 |
0 |
|a Kisah kehidupan & perjuangan para sahabat Radhiallahu Anhum
|c Sheikh Muhammad Zakariya;penterjemah Abdul Aziz Abdul Hamid
|
| 260 |
|
|
|a Kuala Lumpur :
|b Darul Nu'man ,
|c 1998
|
| 600 |
|
0 |
|a Muhammad, Prophet
|x Companions
|
| 600 |
|
0 |
|a Muhammad, Prophet
|x Family
|
| 600 |
|
0 |
|a Muhmmad, Prophet
|x Friends and associates
|
| 700 |
1 |
|
|a Abdul Aziz Abdul Hamid
|
| 710 |
0 |
|
|a Title
|
| 999 |
|
|
|a 0000923127
|b Book
|c Adult Collection
|e Cawangan Bukit Gambir
|
| 999 |
|
|
|a 0000923129
|b Book
|c Adult Collection
|e Cawangan Bukit Gambir
|
| 999 |
|
|
|a 0000933740
|b Book
|c Adult Collection
|e Cawangan Tangkak
|
| 999 |
|
|
|a 0001009138
|b Book
|c Adult Collection
|e Cawangan Bandar Tenggara
|